000 00346 a2200157 4500
001 189058
020 _a978-85-910393-1-9
040 _cMagnum
100 _aSantos, José Marcelo Dos
240 1 0 _aUm rally da pesada
_lpor
245 1 0 _aUm rally da pesada
300 _a141
362 0 _a2010
697 _aGEOGRAFIA DO BRASIL
942 _cBK
999 _c189058
_d189058